000 00697nam a2200181Ia 4500
008 151202s9999||||xx |||||||||||||| ||und||
082 _bPNVM-73349
100 _aबन्सल रश्मी/अनु-काणे सुनीति.
245 _aटेक मी होम.
260 _b"मेहता पब्लिशिंग हाऊस, पुणे."
260 _c73349
300 _a336
600 _aबन्सल रश्मी/अनु-काणे सुनीति.
630 _aटेक मी होम.
700 _aबन्सल रश्मी/अनु-काणे सुनीति.
730 _aटेक मी होम.
942 _cBOOK
999 _c1340014
_d1340011